Las esferas de Keppler.
Evolución de la teoría de las esferas a lo largo de la historia. Densidad, aplastamiento de las esferas, volumen. Relaciones de equilibrio y ciclos en la naturaleza: tiempo, sonidos, intervalos. Leyes que rigen los planetas.
Guardado en:
| Formato: | |
|---|---|
| Series: | Educable
|
| Materias: | |
| Etiquetas: |
Agregar Etiqueta
Sin Etiquetas, Sea el primero en etiquetar este registro!
|
| LEADER | 00988ngm a22002775g 4500 | ||
|---|---|---|---|
| 001 | CEM.cems022180 | ||
| 008 | 130507b1996##################0###0#####d | ||
| 005 | 20241009134834.0 | ||
| 245 | 0 | 0 | |a Las esferas de Keppler. |
| 300 | |a 21'. | ||
| 490 | 0 | |a Educable | |
| 500 | |a En soporte VHS, consultar en ventanilla. | ||
| 520 | |a Evolución de la teoría de las esferas a lo largo de la historia. Densidad, aplastamiento de las esferas, volumen. Relaciones de equilibrio y ciclos en la naturaleza: tiempo, sonidos, intervalos. Leyes que rigen los planetas. | ||
| 538 | |a Soporte: VHS - Norma: Pal N - Color - Grabación DRD 1996 - Hitachi=3123 | ||
| 082 | 5 | 3 | |/ EDU |
| 653 | |a FISICA | ||
| 653 | |a MATEMATICA | ||
| 653 | |a KEPPLER | ||
| 653 | |a PLANETAS | ||
| 653 | |a LEYES FISICAS | ||
| 653 | |a EQUILIBRIO | ||
| 653 | |a SONIDOS | ||
| 653 | |a ESFERAS | ||
| 653 | |a NIVEL PRIMARIO | ||
| 653 | |a NIVEL SECUNDARIO | ||
| 859 | |a CEMS |b BIB. CEMS - Depto. Recursos Didacticos |h 535 |i EDU |k DRD |p 823.12 |t Ej.1 | ||
